[Event "Oberliga Nord W 1819"]
[Site "Germany"]
[Date "2019.03.24"]
[Round "8.4"]
[White "Kaimer, Thomas"]
[Black "Weist, Thorben"]
[Result "1/2-1/2"]
[WhiteElo "2159"]
[BlackElo "2083"]
[PlyCount "150"]
[EventDate "2018.10.21"]
[EventType "team-tourn"]
[EventRounds "9"]
[EventCountry "GER"]
[SourceTitle "EXT 2020"]
[Source "ChessBase"]
[SourceDate "2019.10.17"]
[SourceVersion "1"]
[SourceVersionDate "2019.10.17"]
[SourceQuality "1"]
[WhiteTeam "Hannover SF"]
[BlackTeam "Hellern"]
[WhiteTeamCountry "GER"]
[BlackTeamCountry "GER"]

1. e4 c5 2. Nf3 Nc6 3. d4 cxd4 4. Nxd4 g6 5. Nc3 Bg7 6. Nb3 Nf6 7. Be2 0-0 8. 0-0 d6 9. Bf4 Be6 10. Qd2 d5 11. e5 Ne4 12. Nxe4 dxe4 13. Qe3 Bxe5 14. Bxe5 Nxe5 15. Qxe4 Qc7 16. f4 Nc6 17. h4 Bf5 18. Qe3 Bxc2 19. Nc5 Rac8 20. Bg4 Bf5 21. Bxf5 gxf5 22. Rac1 b6 23. Nb3 Qd6 24. Rcd1 Qe6 25. Qf3 Rfd8 26. h5 Qf6 27. Qe2 h6 28. Rfe1 Nd4 29. Nxd4 Rxd4 30. Rd3 Rxd3 31. Qxd3 e6 32. Qg3+ Kh7 33. Qf2 Qd8 34. Kh2 Qd3 35. Re2 Qd6 36. Rd2 Qe7 37. Re2 Qc5 38. Qf3 Qc6 39. Qf2 Qc5 40. Qf3 Qe7 41. Qf2 Rc4 42. b3 Rc7 43. Qg3 Qf6 44. Re3 Qg7 45. Qf3 Qf6 46. Qg3 Rc8 47. Qf2 Rg8 48. Re5 Qe7 49. Qe1 Re8 50. Re3 Qd6 51. Qg3 Rg8 52. Qf3 Rg4 53. g3 Rg8 54. Rd3 Qc7 55. Qd1 Qc5 56. Qd2 Rc8 57. Rd7 Rc7 58. Rxc7 Qxc7 59. Qd3 Qc6 60. Qd1 Qd5 61. Qe2 Qd7 62. Qc2 Kg7 63. Qc3+ f6 64. Qe3 Qf7 65. Qf3 e5 66. fxe5 fxe5 67. g4 fxg4 68. Qxg4+ Kf8 69. Qc8+ Kg7 70. Qg4+ Kf8 71. Qc8+ Ke7 72. Qb7+ Kf6 73. Qf3+ Ke7 74. Qb7+ Kf6 75. Qf3+ Ke7 1/2-1/2

[Event "Oberliga Nord W 1819"]
[Site "Germany"]
[Date "2018.12.16"]
[Round "4.5"]
[White "Hoegy, Kevin"]
[Black "Weist, Thorben"]
[Result "1/2-1/2"]
[WhiteElo "2279"]
[BlackElo "2083"]
[PlyCount "134"]
[EventDate "2018.10.21"]
[EventType "team-tourn"]
[EventRounds "9"]
[EventCountry "GER"]
[SourceTitle "EXT 2020"]
[Source "ChessBase"]
[SourceDate "2019.10.17"]
[SourceVersion "1"]
[SourceVersionDate "2019.10.17"]
[SourceQuality "1"]
[WhiteTeam "Tostedt"]
[BlackTeam "Hellern"]
[WhiteTeamCountry "GER"]
[BlackTeamCountry "GER"]

1. Nf3 c5 2. b3 Nc6 3. Bb2 d5 4. e3 Nf6 5. Bb5 Bd7 6. 0-0 g6 7. d3 Bg7 8. Nbd2 0-0 9. Bxc6 Bxc6 10. Ne5 Be8 11. f4 Nd7 12. Nxd7 Bxd7 13. Bxg7 Kxg7 14. Qc1 Qc7 15. Qb2+ f6 16. e4 d4 17. Rf2 e5 18. Raf1 Rae8 19. a4 a6 20. Qa1 b6 21. fxe5 Rxe5 22. c3 Rh5 23. Nf3 dxc3 24. Qxc3 Bg4 25. h3 Bxf3 26. Rxf3 Qe5 27. Qxe5 Rxe5 28. g4 h5 29. Kg2 hxg4 30. hxg4 Rg5 31. Kg3 f5 32. exf5 gxf5 33. Rxf5 Rgxf5 34. Rxf5 Rd8 35. Rf3 Rd4 36. Kh4 Rb4 37. Kg5 Rxb3 38. Rf6 Rb4 39. Rg6+ Kf7 40. Rf6+ Kg7 41. a5 bxa5 42. Rxa6 Rd4 43. Rxa5 Kg8 44. Ra8+ Kg7 45. Ra7+ Kg8 46. Ra5 Rxd3 47. Rxc5 Rd6 48. Rc7 Ra6 49. Rb7 Rc6 50. Ra7 Rb6 51. Kh5 Rb5+ 52. Kh6 Rb6+ 53. Kh5 Rb5+ 54. g5 Rb6 55. Re7 Rc6 56. Kg4 Rc5 57. Re6 Kg7 58. Ra6 Rc1 59. Ra7+ Kg6 60. Ra6+ Kg7 61. g6 Rg1+ 62. Kf5 Rf1+ 63. Kg5 Rg1+ 64. Kf5 Rf1+ 65. Ke5 Rg1 66. Ke4 Rxg6 67. Rxg6+ Kxg6 1/2-1/2

[Event "Oberliga Nord W 1819"]
[Site "Germany"]
[Date "2018.11.11"]
[Round "2.6"]
[White "Weist, Thorben"]
[Black "Wagner, Jan"]
[Result "0-1"]
[WhiteElo "2083"]
[BlackElo "2150"]
[PlyCount "62"]
[EventDate "2018.10.21"]
[EventType "team-tourn"]
[EventRounds "9"]
[EventCountry "GER"]
[SourceTitle "EXT 2020"]
[Source "ChessBase"]
[SourceDate "2019.10.17"]
[SourceVersion "1"]
[SourceVersionDate "2019.10.17"]
[SourceQuality "1"]
[WhiteTeam "Hellern"]
[BlackTeam "Oldenburg Union"]
[WhiteTeamCountry "GER"]
[BlackTeamCountry "GER"]

1. e4 g6 2. d4 Bg7 3. Nf3 d6 4. c4 Bg4 5. Be2 Nc6 6. Be3 e5 7. d5 Bxf3 8. Bxf3 Nd4 9. Nc3 Ne7 10. Nb5 Nxf3+ 11. Qxf3 0-0 12. 0-0 f5 13. Rac1 Qd7 14. Nc3 f4 15. Bd2 Kh8 16. Qe2 f3 17. gxf3 Ng8 18. f4 exf4 19. f3 Nh6 20. Nd1 Rae8 21. Rc2 g5 22. Nf2 g4 23. Kg2 Nf5 24. Nxg4 Nd4 25. Qd3 h5 26. Nf2 Nxc2 27. Qxc2 Be5 28. Kh1 Rg8 29. Nd3 Qh3 30. Rf2 Bd4 31. Bc3 Qxf3+ 0-1

[Event "Oberliga Nord W 1819"]
[Site "Germany"]
[Date "2018.10.21"]
[Round "1.6"]
[White "Adibekian, Roubik"]
[Black "Weist, Thorben"]
[Result "1-0"]
[WhiteElo "2201"]
[BlackElo "2083"]
[PlyCount "117"]
[EventDate "2018.10.21"]
[EventType "team-tourn"]
[EventRounds "9"]
[EventCountry "GER"]
[SourceTitle "EXT 2020"]
[Source "ChessBase"]
[SourceDate "2019.10.17"]
[SourceVersion "1"]
[SourceVersionDate "2019.10.17"]
[SourceQuality "1"]
[WhiteTeam "Hannover"]
[BlackTeam "Hellern"]
[WhiteTeamCountry "GER"]
[BlackTeamCountry "GER"]

1. d4 Nf6 2. Nf3 e6 3. g3 b6 4. Bg2 Bb7 5. 0-0 Be7 6. c4 0-0 7. Nc3 c6 8. e4 d5 9. cxd5 cxd5 10. e5 Nfd7 11. Be3 Nc6 12. Nd2 f5 13. exf6 Nxf6 14. Nb3 Qd7 15. Re1 Bd6 16. Bh3 Rae8 17. Qe2 Qf7 18. f4 h5 19. Nd2 Bc8 20. Rac1 Bd7 21. Nf3 Qg6 22. Qc2 Qxc2 23. Rxc2 Ne7 24. Ne5 Bxe5 25. fxe5 Nh7 26. Ne2 Rc8 27. Rec1 Rxc2 28. Rxc2 Nf5 29. Bxf5 Rxf5 30. Rc7 Rf3 31. Rxd7 Rxe3 32. Kf2 Rd3 33. Nf4 Rxd4 34. Nxe6 Rd2+ 35. Ke3 Rxb2 36. Rxg7+ Kh8 37. Rxa7 Kg8 38. h4 Rb4 39. Nd4 Rb1 40. e6 Nf6 41. Kf4 Rb4 42. Kf5 Ng4 43. Nc6 Re4 44. Ne7+ Kf8 45. Ng6+ Kg8 46. Nf4 Re5+ 47. Kg6 Kf8 48. Rf7+ Ke8 49. Rf5 d4 50. Rxh5 Rxh5 51. Kxh5 Ne5 52. Kg5 d3 53. Nxd3 Nxd3 54. h5 Ke7 55. Kf5 Kf8 56. h6 Nc5 57. h7 Kg7 58. e7 Nb7 59. h8Q+ 1-0

[Event "Niedersachsen-ch op A"]
[Site "Verden"]
[Date "2018.01.06"]
[Round "5"]
[White "Weist, Thorben"]
[Black "Renner, Kai"]
[Result "1/2-1/2"]
[WhiteElo "2022"]
[BlackElo "2137"]
[PlyCount "44"]
[EventDate "2018.01.04"]
[EventType "swiss"]
[EventRounds "7"]
[EventCountry "GER"]
[SourceTitle "EXT 2022"]
[Source "ChessBase"]
[SourceDate "2021.10.06"]
[SourceVersion "1"]
[SourceVersionDate "2021.10.06"]
[SourceQuality "1"]

1. e4 c5 2. Nf3 e6 3. d4 cxd4 4. Nxd4 a6 5. Bd3 Nf6 6. 0-0 Qc7 7. c4 d6 8. Nc3 g6 9. Be3 Bg7 10. Qe2 0-0 11. Rac1 b6 12. Rfd1 Bb7 13. f3 Nbd7 14. b3 Rac8 15. Qf2 Rfd8 16. Bb1 h6 17. Ncb5 axb5 18. Nxb5 Qb8 19. Nxd6 Rc6 20. Nxb7 Qxb7 21. e5 Nh7 22. Be4 Rdc8 1/2-1/2

[Event "Niedersachsen-ch op A"]
[Site "Verden"]
[Date "2018.01.04"]
[Round "1"]
[White "Weist, Thorben"]
[Black "Woellermann, Ludger"]
[Result "1-0"]
[WhiteElo "2022"]
[BlackElo "1810"]
[PlyCount "41"]
[EventDate "2018.01.04"]
[EventType "swiss"]
[EventRounds "7"]
[EventCountry "GER"]
[SourceTitle "EXT 2022"]
[Source "ChessBase"]
[SourceDate "2021.10.06"]
[SourceVersion "1"]
[SourceVersionDate "2021.10.06"]
[SourceQuality "1"]

1. e4 b6 2. d4 Bb7 3. Bd3 e6 4. Nf3 Nf6 5. Qe2 d5 6. e5 Ne4 7. Nbd2 Nxd2 8. Bxd2 c5 9. c3 Qc8 10. 0-0 Ba6 11. Bb5+ Bxb5 12. Qxb5+ Qd7 13. a4 Nc6 14. c4 cxd4 15. cxd5 Qxd5 16. Rfc1 Qxb5 17. axb5 Nb4 18. Bxb4 Bxb4 19. Nxd4 Bc5 20. Nc6 0-0 21. b4 1-0

[Event "Oberliga Nord W 1718"]
[Site "Germany"]
[Date "2017.11.12"]
[Round "3.5"]
[White "David, Adrian"]
[Black "Weist, Thorben"]
[Result "1/2-1/2"]
[WhiteElo "2250"]
[BlackElo "1975"]
[PlyCount "42"]
[EventDate "2017.10.08"]
[EventType "team-tourn"]
[EventRounds "9"]
[EventCountry "GER"]
[SourceTitle "EXT 2019"]
[Source "ChessBase"]
[SourceDate "2018.10.10"]
[SourceVersion "1"]
[SourceVersionDate "2018.10.10"]
[SourceQuality "1"]
[WhiteTeam "Hameln"]
[BlackTeam "Hellern"]
[WhiteTeamCountry "GER"]
[BlackTeamCountry "GER"]

1. Nf3 c5 2. c4 Nc6 3. d4 cxd4 4. Nxd4 g6 5. e4 Bg7 6. Be3 Nf6 7. Nc3 0-0 8. Be2 d6 9. 0-0 Bd7 10. Rc1 Nxd4 11. Bxd4 Bc6 12. f3 Nd7 13. Be3 a5 14. b3 Nc5 15. Qd2 Qb6 16. Rb1 Rfc8 17. a3 Nxb3 18. Qd3 Nc5 19. Rxb6 Nxd3 20. Nd5 Bxd5 21. exd5 Nc5 1/2-1/2

[Event "Oberliga Nord W 1718"]
[Site "Germany"]
[Date "2017.10.23"]
[Round "2.6"]
[White "Brinkmann, Fabian"]
[Black "Weist, Thorben"]
[Result "1/2-1/2"]
[WhiteElo "2087"]
[BlackElo "1975"]
[PlyCount "42"]
[EventDate "2017.10.08"]
[EventType "team-tourn"]
[EventRounds "9"]
[EventCountry "GER"]
[SourceTitle "EXT 2019"]
[Source "ChessBase"]
[SourceDate "2018.10.10"]
[SourceVersion "1"]
[SourceVersionDate "2018.10.10"]
[SourceQuality "1"]
[WhiteTeam "Werder Bremen III"]
[BlackTeam "Hellern"]
[WhiteTeamCountry "GER"]
[BlackTeamCountry "GER"]

1. d4 Nf6 2. c4 e6 3. Nf3 Bb4+ 4. Nbd2 c5 5. a3 Bxd2+ 6. Qxd2 cxd4 7. Nxd4 d5 8. e3 0-0 9. Be2 b6 10. 0-0 Bb7 11. Bf3 Qe7 12. cxd5 Bxd5 13. Bxd5 Nxd5 14. b4 Nd7 15. Bb2 Rac8 16. Rfd1 N7f6 17. Qe2 Nc3 18. Bxc3 Rxc3 19. Nb5 Rcc8 20. Rac1 Rfd8 21. Rxd8+ Qxd8 1/2-1/2

[Event "Pardubice Czech op-B 28th"]
[Site "Pardubice"]
[Date "2017.07.22"]
[Round "2"]
[White "Weist, Thorben"]
[Black "Pekar, Vaclav"]
[Result "1-0"]
[WhiteElo "1993"]
[BlackElo "2166"]
[PlyCount "35"]
[EventDate "2017.07.21"]
[EventType "swiss"]
[EventRounds "9"]
[EventCountry "CZE"]
[SourceTitle "CBM 179 Extra"]
[Source "ChessBase"]
[SourceDate "2017.08.23"]
[SourceVersion "1"]
[SourceVersionDate "2017.08.23"]
[SourceQuality "1"]

1. e4 e6 2. d4 d5 3. Nd2 Nc6 4. c3 e5 5. Bb5 exd4 6. cxd4 Nge7 7. Ngf3 Bg4 8. h3 dxe4 9. hxg4 exf3 10. Nxf3 Qd5 11. Qb3 Qe4+ 12. Be3 0-0-0 13. Ng5 Qxg2 14. 0-0-0 Nxd4 15. Bxd4 Rxd4 16. Nxf7 c6 17. Qe6+ Kc7 18. Qe5+ 1-0

[Event "Oberliga Nord W 1617"]
[Site "Germany"]
[Date "2017.05.07"]
[Round "9.8"]
[White "Weist, Thorben"]
[Black "Heinemann, Lars"]
[Result "0-1"]
[WhiteElo "1979"]
[BlackElo "2023"]
[PlyCount "58"]
[EventDate "2016.10.16"]
[EventType "team-tourn"]
[EventRounds "9"]
[EventCountry "GER"]
[SourceTitle "EXT 2018"]
[Source "ChessBase"]
[SourceDate "2017.10.13"]
[SourceVersion "1"]
[SourceVersionDate "2017.10.13"]
[SourceQuality "1"]
[WhiteTeam "Hellern"]
[BlackTeam "Werder Bremen"]
[WhiteTeamCountry "GER"]
[BlackTeamCountry "GER"]

1. e4 g6 2. d4 Bg7 3. Nc3 d6 4. Be3 a6 5. Qd2 b5 6. f3 Nd7 7. 0-0-0 Bb7 8. g4 Rc8 9. h4 h5 10. g5 e6 11. Bh3 c6 12. f4 Ne7 13. f5 gxf5 14. exf5 Nxf5 15. Bxf5 exf5 16. Rf1 c5 17. Rh2 b4 18. Nce2 Be4 19. dxc5 Nxc5 20. Nd4 b3 21. Nxb3 Nxb3+ 22. axb3 Rxc2+ 23. Qxc2 Bxc2 24. Rxc2 Qa5 25. Kb1 0-0 26. Ne2 Re8 27. Bd2 Qd5 28. Ng3 Qd3 29. Rg1 Rc8 0-1

[Event "Niedersachsen-ch op-B"]
[Site "Verden"]
[Date "2017.01.05"]
[Round "2"]
[White "Weist, Thorben"]
[Black "Kuegel, Tobias"]
[Result "0-1"]
[WhiteElo "1954"]
[BlackElo "2274"]
[PlyCount "118"]
[EventDate "2017.01.05"]
[EventType "swiss"]
[EventRounds "7"]
[EventCountry "GER"]
[SourceTitle "CBM 187 Extra"]
[Source "ChessBase"]
[SourceDate "2018.11.04"]
[SourceVersion "1"]
[SourceVersionDate "2018.11.04"]
[SourceQuality "1"]

1. e4 Nf6 2. e5 Nd5 3. d4 d6 4. c4 Nb6 5. exd6 exd6 6. Nf3 Be7 7. Be2 0-0 8. 0-0 Bf6 9. Nc3 Re8 10. Be3 Bg4 11. b3 Nc6 12. Qd2 Ne7 13. h3 Bxf3 14. Bxf3 c6 15. Ne4 Nf5 16. Nxf6+ Qxf6 17. Rfe1 d5 18. c5 Nd7 19. Bg4 Nf8 20. Qd3 Nxe3 21. Rxe3 Rxe3 22. Qxe3 g6 23. Rd1 h5 24. Bf3 a5 25. g3 Ne6 26. h4 Re8 27. Kg2 Ng7 28. Qd2 Ra8 29. Qe3 Ne6 30. Qd2 Kg7 31. Qd3 a4 32. b4 a3 33. Qe3 Ra4 34. Qb3 Ra7 35. Qc3 Ra8 36. Qd2 Qf5 37. Rf1 Qf6 38. Rd1 Kh7 39. Qe3 Kg8 40. Qd2 Kh7 41. Qe3 Ng7 42. Qd2 Nf5 43. Qd3 Kg7 44. Qc3 Re8 45. Qd3 Rh8 46. Qd2 Re8 47. Qd3 g5 48. hxg5 Qxg5 49. Rh1 h4 50. Rh3 Re6 51. Qd1 hxg3 52. Rh5 Qg6 53. Bg4 gxf2 54. Rxf5 Re1 55. Qf3 f1Q+ 56. Qxf1 Qxg4+ 57. Kh2 Qh4+ 58. Kg2 Rxf1 59. Rxf1 Qxd4 0-1

[Event "Niedersachsen-ch op"]
[Site "Verden"]
[Date "2016.01.06"]
[Round "7"]
[White "Wittfoth, Kai Uwe"]
[Black "Weist, Thorben"]
[Result "1/2-1/2"]
[WhiteElo "2140"]
[BlackElo "1855"]
[PlyCount "48"]
[EventDate "2016.01.03"]
[EventType "swiss"]
[EventRounds "7"]
[EventCountry "GER"]
[SourceTitle "EXT 2018"]
[Source "ChessBase"]
[SourceDate "2017.10.13"]
[SourceVersion "1"]
[SourceVersionDate "2017.10.13"]
[SourceQuality "1"]

1. d4 Nf6 2. c4 e6 3. Nc3 Bb4 4. Bd2 b6 5. Nh3 Bb7 6. f3 d5 7. cxd5 exd5 8. a3 Be7 9. e3 0-0 10. Bd3 c5 11. 0-0 Nc6 12. Ne2 Bd6 13. Nhf4 Qc7 14. g3 Rfe8 15. Rc1 Rad8 16. Re1 Qb8 17. Bb1 Ne7 18. Qc2 Ng6 19. Ng2 Rc8 20. Qd3 Re7 21. Bc3 c4 22. Qd2 Rce8 23. Nef4 Nxf4 24. exf4 Rxe1+ 1/2-1/2

[Event "Niedersachsen-ch op"]
[Site "Verden"]
[Date "2016.01.04"]
[Round "4"]
[White "Martin, Dennis"]
[Black "Weist, Thorben"]
[Result "0-1"]
[WhiteElo "1939"]
[BlackElo "1855"]
[PlyCount "102"]
[EventDate "2016.01.03"]
[EventType "swiss"]
[EventRounds "7"]
[EventCountry "GER"]
[SourceTitle "EXT 2018"]
[Source "ChessBase"]
[SourceDate "2017.10.13"]
[SourceVersion "1"]
[SourceVersionDate "2017.10.13"]
[SourceQuality "1"]

1. e4 c5 2. Nf3 Nc6 3. d4 cxd4 4. Nxd4 g6 5. Be3 Bg7 6. Nc3 Nf6 7. f3 0-0 8. Qd2 d5 9. Nxc6 bxc6 10. Rd1 Be6 11. Bh6 dxe4 12. Bxg7 Kxg7 13. Nxe4 Nxe4 14. fxe4 Qb6 15. Qc3+ f6 16. Rd2 Rfd8 17. b3 Rxd2 18. Kxd2 Qf2+ 19. Kc1 Qf4+ 20. Kb1 Qxe4 21. Bd3 Qd5 22. Re1 Qd6 23. Ba6 Bc8 24. Bc4 e5 25. h3 Be6 26. Bd3 a5 27. g4 Qb4 28. Kb2 Qxc3+ 29. Kxc3 a4 30. Kb4 axb3 31. axb3 Rd8 32. Re3 Rd4+ 33. c4 Kh6 34. Kc5 Kg5 35. Be2 Bd7 36. b4 Rd2 37. Rd3 Rxd3 38. Bxd3 h5 39. gxh5 gxh5 40. Bf1 e4 41. Kd6 Bxh3 42. Bxh3 e3 43. Bf1 h4 44. b5 cxb5 45. c5 h3 46. c6 h2 47. c7 h1Q 48. c8Q Qxf1 49. Qc5+ Qf5 50. Qc1 Qf4+ 51. Kc5 Qc4+ 0-1

[Event "Niedersachsen-ch op"]
[Site "Verden"]
[Date "2016.01.03"]
[Round "2"]
[White "Laubrock, Paul"]
[Black "Weist, Thorben"]
[Result "1/2-1/2"]
[WhiteElo "1980"]
[BlackElo "1855"]
[PlyCount "97"]
[EventDate "2016.01.03"]
[EventType "swiss"]
[EventRounds "7"]
[EventCountry "GER"]
[SourceTitle "EXT 2018"]
[Source "ChessBase"]
[SourceDate "2017.10.13"]
[SourceVersion "1"]
[SourceVersionDate "2017.10.13"]
[SourceQuality "1"]

1. d4 d5 2. e3 Nf6 3. Bd3 e6 4. f4 c5 5. c3 Nc6 6. Nf3 Bd6 7. Ne5 0-0 8. Nd2 Ne7 9. 0-0 b6 10. Qf3 Bb7 11. g4 Nd7 12. Qh3 g6 13. Ndf3 f6 14. Nxd7 Qxd7 15. f5 exf5 16. gxf5 Nxf5 17. Nh4 Rad8 18. Nxf5 gxf5 19. Bxf5 Qe7 20. Bd2 Bc8 21. Kh1 Kh8 22. Rf3 Rde8 23. Raf1 Bxf5 24. Qxf5 Qe6 25. Qxe6 Rxe6 26. Rf5 cxd4 27. cxd4 Rc8 28. Rxf6 Rxf6 29. Rxf6 Rc2 30. Rxd6 Rxd2 31. Rxd5 Rxb2 32. Rd8+ Kg7 33. Rd7+ Kg6 34. Rxa7 Re2 35. Ra6 Rb2 36. a4 Kf5 37. a5 bxa5 38. Rxa5+ Ke4 39. Ra1 Kxe3 40. Rd1 Ke2 41. Rg1 Rb4 42. Rg7 Rxd4 43. Rxh7 Kf3 44. Rf7+ Rf4 45. Ra7 Re4 46. Ra1 Re2 47. Rg1 Kf4 48. Rg8 Kf5 49. Kg1 1/2-1/2

[Event "Niedersachsen-ch op"]
[Site "Verden"]
[Date "2016.01.03"]
[Round "1"]
[White "Weist, Thorben"]
[Black "Klein, Andreas"]
[Result "1/2-1/2"]
[WhiteElo "1855"]
[BlackElo "2079"]
[PlyCount "60"]
[EventDate "2016.01.03"]
[EventType "swiss"]
[EventRounds "7"]
[EventCountry "GER"]
[SourceTitle "EXT 2018"]
[Source "ChessBase"]
[SourceDate "2017.10.13"]
[SourceVersion "1"]
[SourceVersionDate "2017.10.13"]
[SourceQuality "1"]

1. e4 e5 2. Nf3 Nc6 3. Bc4 Nf6 4. d3 Be7 5. c3 d6 6. Bb3 Na5 7. Bc2 c5 8. 0-0 Nc6 9. Re1 Qc7 10. Nbd2 0-0 11. Nf1 d5 12. exd5 Nxd5 13. Ng3 f5 14. Bb3 Be6 15. Nxe5 Nxe5 16. d4 cxd4 17. cxd4 f4 18. Nf1 Rf5 19. Rxe5 Rxe5 20. dxe5 Qxe5 21. Bxd5 Qxd5 22. Qxd5 Bxd5 23. Bxf4 Bf6 24. Ne3 Bf7 25. a4 g5 26. Bg3 Bxb2 27. Rb1 Rc8 28. Rxb2 Rc1+ 29. Nf1 Bc4 30. h3 Bxf1 1/2-1/2

[Event "Niedersachsen-ch op-A"]
[Site "Verden"]
[Date "2015.01.02"]
[Round "2"]
[White "Hachtmann, Christian"]
[Black "Weist, Thorben"]
[Result "0-1"]
[WhiteElo "2095"]
[BlackElo "1717"]
[PlyCount "116"]
[EventDate "2015.01.02"]
[EventType "swiss"]
[EventRounds "7"]
[EventCountry "GER"]
[SourceTitle "EXT 2018"]
[Source "ChessBase"]
[SourceDate "2017.10.13"]
[SourceVersion "1"]
[SourceVersionDate "2017.10.13"]
[SourceQuality "1"]

1. e4 c5 2. Nf3 Nc6 3. d4 cxd4 4. Nxd4 g6 5. c4 Bg7 6. Be3 Nf6 7. Nc3 d6 8. Be2 0-0 9. 0-0 Bd7 10. Rc1 Nxd4 11. Bxd4 Bc6 12. f3 Nd7 13. Bxg7 Kxg7 14. Qd4+ Kg8 15. Kh1 Qb6 16. Qd2 Kg7 17. f4 Nc5 18. Bf3 Ne6 19. Rcd1 Qa5 20. f5 Nc7 21. Qg5 Qe5 22. Qd2 b5 23. f6+ Kxf6 24. Qh6 e6 25. Be2+ Ke7 26. cxb5 Nxb5 27. Nxb5 Bxb5 28. Bxb5 Qxb5 29. Qxh7 Qh5 30. Qxh5 gxh5 31. Rc1 Rac8 32. Kg1 Rc5 33. b4 Rxc1 34. Rxc1 Rb8 35. a3 a5 36. Rc4 axb4 37. axb4 Ra8 38. Kf2 Ra3 39. Ke2 Kf6 40. Kd2 Ke5 41. Kc2 Ra2+ 42. Kb3 Rxg2 43. b5 Rg8 44. Kb4 f5 45. exf5 exf5 46. Rh4 Rh8 47. b6 Rh7 48. Kb5 d5 49. Kc6 d4 50. b7 Rxb7 51. Kxb7 d3 52. Ra4 d2 53. Ra1 Ke4 54. Kc6 f4 55. Kc5 Kd3 56. Kd5 f3 57. Ke5 f2 58. Kf5 Ke2 0-1

[Event "Niedersachsen-ch U16"]
[Site "Norderney"]
[Date "2014.04.17"]
[Round "8"]
[White "Weiss, Andreas"]
[Black "Weist, Thorben"]
[Result "0-1"]
[WhiteElo "1577"]
[BlackElo "1709"]
[PlyCount "86"]
[EventDate "2014.04.??"]
[EventType "swiss"]
[EventRounds "9"]
[EventCountry "GER"]
[SourceTitle "EXT 2017"]
[Source "ChessBase"]
[SourceDate "2016.10.25"]
[SourceVersion "1"]
[SourceVersionDate "2016.10.25"]
[SourceQuality "1"]

1. e4 c5 2. Nf3 Nc6 3. d4 cxd4 4. Nxd4 g6 5. Nc3 Bg7 6. Be3 Nf6 7. f3 0-0 8. Qd2 d5 9. Nxc6 bxc6 10. exd5 cxd5 11. Be2 e5 12. Bh6 Be6 13. Bxg7 Kxg7 14. b3 d4 15. Ne4 Nxe4 16. fxe4 Qh4+ 17. Kd1 Qxe4 18. Bf3 Bg4 19. Bxg4 Qxg4+ 20. Kc1 Rac8 21. Kb2 Rc5 22. h3 Qg3 23. Rhf1 Rfc8 24. Rac1 Qc3+ 25. Qxc3 Rxc3 26. Rfd1 Kf6 27. Rd2 Ke6 28. Re1 Kd5 29. Rde2 Re8 30. Rf1 f5 31. g4 f4 32. Rxf4 exf4 33. Rxe8 Rxh3 34. Rf8 Ke4 35. Re8+ Kf3 36. b4 Kg2 37. a4 f3 38. b5 f2 39. Re2 Rc3 40. a5 Rc5 41. b6 Rxa5 42. bxa7 Rxa7 43. Kc1 Kf3 0-1

[Event "Niedersachsen-ch U16"]
[Site "Norderney"]
[Date "2014.04.16"]
[Round "7"]
[White "Schulz, Raphael"]
[Black "Weist, Thorben"]
[Result "1/2-1/2"]
[WhiteElo "1734"]
[BlackElo "1709"]
[PlyCount "43"]
[EventDate "2014.04.??"]
[EventType "swiss"]
[EventRounds "9"]
[EventCountry "GER"]
[SourceTitle "EXT 2017"]
[Source "ChessBase"]
[SourceDate "2016.10.25"]
[SourceVersion "1"]
[SourceVersionDate "2016.10.25"]
[SourceQuality "1"]

1. d4 d5 2. c4 e6 3. Nc3 Nf6 4. cxd5 exd5 5. Bg5 Nbd7 6. e3 c6 7. Bd3 Be7 8. Qc2 0-0 9. Nge2 Re8 10. 0-0 Nf8 11. f3 h6 12. Bh4 Ne6 13. a3 a5 14. Rad1 b5 15. Bf2 b4 16. Na4 bxa3 17. bxa3 Bxa3 18. Qxc6 Bd7 19. Qc2 Rc8 20. Qa2 Bxa4 21. Ra1 Bb4 22. Qxa4 1/2-1/2

[Event "Niedersachsen-ch U16"]
[Site "Norderney"]
[Date "2014.04.14"]
[Round "5"]
[White "Nuerenberg, Marius"]
[Black "Weist, Thorben"]
[Result "1-0"]
[WhiteElo "1619"]
[BlackElo "1709"]
[PlyCount "49"]
[EventDate "2014.04.??"]
[EventType "swiss"]
[EventRounds "9"]
[EventCountry "GER"]
[SourceTitle "EXT 2017"]
[Source "ChessBase"]
[SourceDate "2016.10.25"]
[SourceVersion "1"]
[SourceVersionDate "2016.10.25"]
[SourceQuality "1"]

1. e4 e5 2. Nf3 Nc6 3. Bb5 a6 4. Ba4 Nf6 5. 0-0 b5 6. Bb3 Be7 7. Re1 0-0 8. a4 Bb7 9. c3 d6 10. d4 Nb8 11. dxe5 dxe5 12. Qxd8 Bxd8 13. Nxe5 Nxe4 14. Be3 Be7 15. Nd2 Nxd2 16. Bxd2 Bd6 17. Nxf7 Rxf7 18. Re8+ Bf8 19. axb5 a5 20. Bf4 a4 21. Be6 Nd7 22. Rxa8 Bxa8 23. Rxa4 Nb6 24. Ra7 Nd5 25. Bg3 1-0

[Event "Niedersachsen-ch U16"]
[Site "Norderney"]
[Date "2014.04.13"]
[Round "4"]
[White "Weist, Thorben"]
[Black "Bach, Jannik"]
[Result "1/2-1/2"]
[WhiteElo "1709"]
[BlackElo "1874"]
[PlyCount "56"]
[EventDate "2014.04.??"]
[EventType "swiss"]
[EventRounds "9"]
[EventCountry "GER"]
[SourceTitle "EXT 2017"]
[Source "ChessBase"]
[SourceDate "2016.10.25"]
[SourceVersion "1"]
[SourceVersionDate "2016.10.25"]
[SourceQuality "1"]

1. e4 c6 2. d4 d5 3. Nc3 dxe4 4. Nxe4 Bf5 5. Ng3 Bg6 6. h4 h6 7. h5 Bh7 8. Nf3 Nd7 9. Bd3 Bxd3 10. Qxd3 e6 11. Bd2 Ngf6 12. 0-0-0 Qc7 13. Ne4 0-0-0 14. g3 Be7 15. Kb1 Nxe4 16. Qxe4 Nf6 17. Qe2 Bd6 18. c4 c5 19. Bc3 Rhe8 20. Ne5 cxd4 21. Bxd4 Bxe5 22. Bxe5 Qc6 23. f3 Rxd1+ 24. Rxd1 Rd8 25. Rxd8+ Kxd8 26. Bxf6+ gxf6 27. Qd2+ Ke8 28. Qxh6 Qxf3 1/2-1/2

[Event "Niedersachsen-ch op-A"]
[Site "Verden"]
[Date "2014.01.05"]
[Round "7"]
[White "Weist, Thorben"]
[Black "Reuker, Jari"]
[Result "0-1"]
[WhiteElo "1686"]
[BlackElo "1815"]
[PlyCount "92"]
[EventDate "2014.01.02"]
[EventType "swiss"]
[EventRounds "7"]
[EventCountry "GER"]
[SourceTitle "EXT 2016"]
[Source "ChessBase"]
[SourceDate "2015.10.08"]
[SourceVersion "1"]
[SourceVersionDate "2015.10.08"]
[SourceQuality "1"]

1. e4 c5 2. Nf3 e6 3. d4 cxd4 4. Nxd4 a6 5. Nc3 Qc7 6. Bd3 b5 7. 0-0 Bb7 8. f4 d6 9. Be3 Nf6 10. Qf3 Nbd7 11. g4 Nc5 12. g5 Nfd7 13. a4 b4 14. Nce2 Be7 15. Ng3 g6 16. h4 h5 17. Qe2 d5 18. e5 Rc8 19. Rfc1 Qa5 20. Kh2 Nb8 21. c4 Kd7 22. cxd5 Bxd5 23. Bc4 Bb7 24. b3 Ke8 25. Rd1 Nbd7 26. Rac1 Nb6 27. Qb2 Nd5 28. Bxd5 Bxd5 29. Nf1 Kd7 30. Nd2 Nd3 31. Qb1 Nxc1 32. Rxc1 Rc3 33. Rxc3 bxc3 34. Ne4 Rc8 35. Nf6+ Bxf6 36. exf6 c2 37. Qc1 Qc3 38. Bf2 Qd3 39. Qa3 Qxd4 40. Qe7+ Kc6 41. Bxd4 c1Q 42. Kg3 Qc2 43. Bf2 Qxb3+ 44. Kh2 Qc4 45. Kg3 Rb8 46. a5 Rb3+ 0-1